[Event "4NCL/Div4/ANGA vs. FCA2"]
[Site "West Bromwich ENG"]
[Date "2006.12.03"]
[Round "4.6"]
[White "Stenning, Marissa"]
[Black "Gray, Mark S"]
[Result "0-1"]
[WhiteElo "1815"]
[BlackElo "2083"]
[PlyCount "96"]
[EventDate "2006.12.03"]
[EventType "team"]
[EventRounds "11"]
[EventCountry "ENG"]
[WhiteTeam "FCA Solutions 2"]
[BlackTeam "Ang Avengers"]

1. c4 e6 2. g3 Nf6 3. Bg2 d5 4. Nf3 Be7 5. O-O O-O 6. d3 c6 7. Nbd2 Qc7 8. Rb1
e5 9. a3 Be6 10. b4 Rd8 11. Qb3 Nbd7 12. Ng5 Bg4 13. f3 Bh5 14. Re1 Nf8 15. e4
dxc4 16. dxc4 h6 17. Nh3 Ne6 18. Nf2 Rd7 19. Qc3 Rad8 20. Nb3 Nd4 21. Nxd4 exd4
22. Qd3 c5 23. Bf4 Qc6 24. b5 Qb6 25. a4 g5 26. Bd2 Re8 27. a5 Qd8 28. b6 a6
29. Bh3 Bd6 30. Bxd7 Nxd7 31. Qe2 Ne5 32. g4 Bg6 33. Rbc1 Qf6 34. Kg2 Qe6 35.
Nh1 Bh7 36. Ng3 Ng6 37. Nf5 Nf4+ 38. Bxf4 Bxf4 39. Rc2 Bb8 40. Rcc1 Qe5 41. Kg1
Bxf5 42. gxf5 d3 43. Qd2 Qd4+ 44. Kg2 Bf4 45. Qc3 d2 46. Qxd4 cxd4 47. Rcd1
dxe1=Q 48. Rxe1 d3 0-1

[Event "4NCL/Div4/CONQ1 vs. PAND"]
[Site "West Bromwich ENG"]
[Date "2006.12.03"]
[Round "4.1"]
[White "Prizant, Michael"]
[Black "Taylor, Robert M"]
[Result "1/2-1/2"]
[WhiteElo "2140"]
[BlackElo "2221"]
[PlyCount "48"]
[EventDate "2006.12.03"]
[EventType "team"]
[EventRounds "11"]
[EventCountry "ENG"]
[WhiteTeam "Conquistadors 1"]
[BlackTeam "Pandoras Box"]

1. e4 c5 2. c3 d5 3. exd5 Nf6 4. d4 cxd4 5. cxd4 g6 6. Nc3 Bg7 7. Qb3 O-O 8.
Be2 Nbd7 9. Bg5 Nb6 10. Bf3 Bf5 11. Rd1 Qd7 12. h3 h5 13. Nge2 Rfd8 14. d6 Qxd6
15. Bxb7 Rab8 16. Bf4 Qd7 17. Bf3 Rbc8 18. O-O Nfd5 19. Be5 Bh6 20. Bxd5 Nxd5
21. Qxd5 Qxd5 22. Nxd5 Rxd5 23. Nc3 Ra5 24. d5 f6 1/2-1/2

[Event "4NCL/Div4/CONQ1 vs. PAND"]
[Site "West Bromwich ENG"]
[Date "2006.12.03"]
[Round "4.2"]
[White "Birtwhistle, Nigel"]
[Black "Archer-Lock, Christopher"]
[Result "1/2-1/2"]
[WhiteElo "2105"]
[BlackElo "2065"]
[PlyCount "43"]
[EventDate "2006.12.03"]
[EventType "team"]
[EventRounds "11"]
[EventCountry "ENG"]
[WhiteTeam "Pandoras Box"]
[BlackTeam "Conquistadors 1"]

1. d4 Nf6 2. c4 g6 3. Nc3 Bg7 4. e4 d6 5. Nge2 c5 6. d5 b5 7. cxb5 a6 8. b6
Qxb6 9. a4 Nbd7 10. a5 Qb4 11. Ra4 Qb7 12. Ng3 h5 13. Be2 h4 14. Nf1 h3 15. g3
Ne5 16. Ne3 Bd7 17. Ra3 g5 18. O-O g4 19. Qc2 Bh6 20. Na4 Bxa4 21. Rxa4 Rb8 22.
Ra3 1/2-1/2

[Event "4NCL/Div4/CONQ1 vs. PAND"]
[Site "West Bromwich ENG"]
[Date "2006.12.03"]
[Round "4.3"]
[White "Foster, James C"]
[Black "Payne, Nick"]
[Result "1-0"]
[WhiteElo "1921"]
[BlackElo "2071"]
[PlyCount "67"]
[EventDate "2006.12.03"]
[EventType "team"]
[EventRounds "11"]
[EventCountry "ENG"]
[WhiteTeam "Conquistadors 1"]
[BlackTeam "Pandoras Box"]

1. e4 c5 2. c3 d5 3. exd5 Qxd5 4. d4 Nf6 5. Nf3 Bg4 6. Be2 e6 7. Na3 Nc6 8. Nc2
Qd8 9. O-O cxd4 10. Nfxd4 Bxe2 11. Qxe2 Nxd4 12. Nxd4 Be7 13. Rd1 Qb6 14. Be3
Nd5 15. Qb5+ Qxb5 16. Nxb5 a6 17. c4 Nxe3 18. Nc7+ Kf8 19. Nxa8 Nxd1 20. Rxd1
f6 21. Rd7 Kf7 22. Nb6 Rb8 23. g3 Ke8 24. a3 Bc5 25. Rxg7 Kf8 26. Rxh7 Kg8 27.
Nd7 Kxh7 28. Nxb8 Kg7 29. b4 Bd6 30. Nd7 Kf7 31. Nb6 a5 32. c5 axb4 33. axb4
Bc7 34. Nc4 1-0

[Event "4NCL/Div4/CONQ1 vs. PAND"]
[Site "West Bromwich ENG"]
[Date "2006.12.03"]
[Round "4.4"]
[White "Coates, David"]
[Black "Cork, David J"]
[Result "1/2-1/2"]
[WhiteElo "2055"]
[BlackElo "1960"]
[PlyCount "92"]
[EventDate "2006.12.03"]
[EventType "team"]
[EventRounds "11"]
[EventCountry "ENG"]
[WhiteTeam "Pandoras Box"]
[BlackTeam "Conquistadors 1"]

1. e4 c5 2. c3 d5 3. exd5 Qxd5 4. d4 Nf6 5. Nf3 e6 6. Be3 cxd4 7. cxd4 Nc6 8.
Nc3 Qa5 9. Bd3 Nd5 10. Bd2 Bb4 11. Qc2 h6 12. O-O Nxc3 13. bxc3 Be7 14. Rab1
O-O 15. Rfe1 a6 16. Be4 Qc7 17. c4 Bf6 18. d5 Ne5 19. Nxe5 Bxe5 20. h3 Rb8 21.
Be3 b5 22. c5 exd5 23. Bxd5 Re8 24. Qb3 Be6 25. Rbd1 Bxd5 26. Qxd5 Rbd8 27. Qf3
Rc8 28. Qg4 Qc6 29. Qb4 Qf6 30. Rf1 Rc6 31. Qd2 Rec8 32. Qd7 Qe6 33. Rd5 Qxd7
34. Rxd7 Bc3 35. Rfd1 R8c7 36. Rxc7 Rxc7 37. Rd6 a5 38. Rb6 b4 39. Ra6 Rc8 40.
c6 Kf8 41. Bc5+ Ke8 42. Bd6 a4 43. Rxa4 Rxc6 44. Bxb4 Bxb4 45. Rxb4 Rc1+ 46.
Kh2 Rc2 1/2-1/2

[Event "4NCL/Div4/CONQ1 vs. PAND"]
[Site "West Bromwich ENG"]
[Date "2006.12.03"]
[Round "4.5"]
[White "Winchcombe, Andrew"]
[Black "Kilshaw, Joe"]
[Result "1/2-1/2"]
[WhiteElo "1895"]
[BlackElo "2060"]
[PlyCount "56"]
[EventDate "2006.12.03"]
[EventType "team"]
[EventRounds "11"]
[EventCountry "ENG"]
[WhiteTeam "Conquistadors 1"]
[BlackTeam "Pandoras Box"]

1. e4 c5 2. Nf3 Nc6 3. d4 cxd4 4. Nxd4 Nf6 5. Nc3 e5 6. Nf3 Bb4 7. Bg5 h6 8.
Bxf6 Bxc3+ 9. bxc3 Qxf6 10. Bb5 O-O 11. Qd5 d6 12. O-O Be6 13. Qd3 Rad8 14. Bc4
Ne7 15. Bxe6 fxe6 16. Qb5 Ng6 17. Rad1 Nf4 18. Ne1 a6 19. Qxb7 Ne2+ 20. Kh1 Qh4
21. Nd3 d5 22. Qxa6 Rf6 23. Nxe5 Nxc3 24. Rd3 Nxe4 25. Rf3 Nd2 26. Rxf6 Qxf6
27. Re1 Ne4 28. Ng4 Nxf2+ 1/2-1/2

[Event "4NCL/Div4/CONQ1 vs. PAND"]
[Site "West Bromwich ENG"]
[Date "2006.12.03"]
[Round "4.6"]
[White "McCarthy, Kevin"]
[Black "Auckland, Elliott"]
[Result "1-0"]
[WhiteElo "2055"]
[BlackElo "1850"]
[PlyCount "81"]
[EventDate "2006.12.03"]
[EventType "team"]
[EventRounds "11"]
[EventCountry "ENG"]
[WhiteTeam "Pandoras Box"]
[BlackTeam "Conquistadors 1"]

1. d4 Nf6 2. Nf3 g6 3. Bf4 Bg7 4. e3 O-O 5. h3 b6 6. Nbd2 Bb7 7. Bd3 d6 8. O-O
Nbd7 9. Re1 c5 10. c3 Rc8 11. c4 Nh5 12. Bh2 f5 13. Ng5 Rf6 14. d5 h6 15. Ne6
Rxe6 16. dxe6 Nf8 17. Bxf5 Bxb2 18. Rb1 Qe8 19. Bg4 Bc3 20. Rb3 Ba5 21. Rf1
Bxd2 22. Qxd2 Nf6 23. Qe2 Nxg4 24. Qxg4 h5 25. Qe2 Qc6 26. f4 Nxe6 27. f5 gxf5
28. Rxf5 Qe4 29. Rf2 Rf8 30. Rxf8+ Kxf8 31. Rb2 Ng5 32. Qxh5 Qxe3+ 33. Rf2+ Kg7
34. Bf4 Nf3+ 35. gxf3 Qxf4 36. Rg2+ Kf8 37. Qh8+ Kf7 38. Qg8+ Kf6 39. Qf8+ Ke5
40. Re2+ Be4 41. Rxe4+ 1-0

[Event "4NCL/Div4/ATH1 vs. JUTK"]
[Site "West Bromwich ENG"]
[Date "2006.12.03"]
[Round "4.1"]
[White "Spreeuw, Jaap"]
[Black "Cooley, Chris"]
[Result "0-1"]
[WhiteElo "2289"]
[BlackElo "2255"]
[PlyCount "82"]
[EventDate "2006.12.03"]
[EventType "team"]
[EventRounds "11"]
[EventCountry "ENG"]
[WhiteTeam "Athenaeum 1"]
[BlackTeam "Jutes of Kent"]

1. Nf3 Nf6 2. c4 g6 3. Nc3 d5 4. cxd5 Nxd5 5. Qa4+ Bd7 6. Qd4 Nf6 7. Qh4 c5 8.
d3 Nc6 9. Bh6 Qb6 10. O-O-O Qb4 11. Bxf8 Qxh4 12. Nxh4 Kxf8 13. e3 Kg7 14. Nf3
Rhc8 15. Kb1 Rab8 16. Be2 b5 17. Rc1 Nb4 18. Ne5 Be6 19. a3 Nbd5 20. Bf3 b4 21.
Nxd5 Nxd5 22. Bxd5 Bxd5 23. Nd7 Rb5 24. axb4 c4 25. dxc4 Be4+ 26. Ka2 Rxb4 27.
f3 Bf5 28. Rhd1 f6 29. c5 Rc6 30. e4 Be6+ 31. Ka3 Rb3+ 32. Ka2 Rd3+ 33. Kb1
Rxd7 34. Rxd7 Bxd7 35. b4 Rc7 36. Rd1 Rb7 37. Rd4 e5 38. c6 Bxc6 39. Rc4 Bb5
40. Rc5 Bf1 41. Rc1 Bxg2 0-1

[Event "4NCL/Div4/ATH1 vs. JUTK"]
[Site "West Bromwich ENG"]
[Date "2006.12.03"]
[Round "4.2"]
[White "Naylor, John"]
[Black "Quinn, John M"]
[Result "1-0"]
[WhiteElo "2227"]
[BlackElo "2150"]
[PlyCount "71"]
[EventDate "2006.12.03"]
[EventType "team"]
[EventRounds "11"]
[EventCountry "ENG"]
[WhiteTeam "Jutes of Kent"]
[BlackTeam "Athenaeum 1"]

1. e4 c5 2. Nf3 e6 3. d4 cxd4 4. Nxd4 Nc6 5. c4 Nf6 6. Nc3 Bb4 7. Nxc6 bxc6 8.
Bd3 O-O 9. Bg5 Qa5 10. Bxf6 gxf6 11. Rc1 Qg5 12. O-O e5 13. a3 Bc5 14. b4 Bd4
15. Ne2 c5 16. Nxd4 cxd4 17. f4 exf4 18. Qf3 Bb7 19. Qxf4 Rfe8 20. Rce1 Qxf4
21. Rxf4 Re6 22. Kf2 Rae8 23. Rd1 Bxe4 24. Bxe4 Rxe4 25. Rxd4 Re2+ 26. Kg3 Ra2
27. Rxd7 Re3+ 28. Rf3 Ree2 29. Rxa7 Rxg2+ 30. Kf4 Rxh2 31. c5 Rh4+ 32. Kf5 Rg2
33. Kxf6 Rg6+ 34. Ke7 Re4+ 35. Kd8 Rd4+ 36. Rd7 1-0

[Event "4NCL/Div4/ATH1 vs. JUTK"]
[Site "West Bromwich ENG"]
[Date "2006.12.03"]
[Round "4.3"]
[White "Pedersen, Carsten"]
[Black "Mack, Andy"]
[Result "1/2-1/2"]
[WhiteElo "2108"]
[BlackElo "2226"]
[PlyCount "51"]
[EventDate "2006.12.03"]
[EventType "team"]
[EventRounds "11"]
[EventCountry "ENG"]
[WhiteTeam "Athenaeum 1"]
[BlackTeam "Jutes of Kent"]

1. e4 e6 2. d4 d5 3. Nd2 c5 4. exd5 exd5 5. Ngf3 Nf6 6. Bb5+ Bd7 7. Bxd7+ Nbxd7
8. O-O Be7 9. dxc5 Nxc5 10. Nb3 Nce4 11. Be3 O-O 12. Nfd4 Re8 13. Nf5 Qd7 14.
Nxe7+ Rxe7 15. Bd4 Ne8 16. Re1 a5 17. a4 N8d6 18. f3 Ng5 19. Rxe7 Qxe7 20. Bc5
Qe5 21. Qd4 Qxd4+ 22. Nxd4 Nc4 23. b3 Ne5 24. Re1 Nd7 25. Ba3 Ne6 26. Nxe6
1/2-1/2

[Event "4NCL/Div4/ATH1 vs. JUTK"]
[Site "West Bromwich ENG"]
[Date "2006.12.03"]
[Round "4.4"]
[White "Rice, Chris"]
[Black "Stevenson, James A B"]
[Result "1-0"]
[WhiteElo "2110"]
[BlackElo "2088"]
[PlyCount "205"]
[EventDate "2006.12.03"]
[EventType "team"]
[EventRounds "11"]
[EventCountry "ENG"]
[WhiteTeam "Jutes of Kent"]
[BlackTeam "Athenaeum 1"]

1. c4 c6 2. g3 d5 3. Bg2 Nf6 4. Nf3 e6 5. O-O Nbd7 6. b3 Be7 7. Bb2 O-O 8. e3
b6 9. Qe2 Ba6 10. d3 Rc8 11. Nbd2 c5 12. e4 Nb8 13. Ne5 d4 14. f4 Nfd7 15. Ng4
f6 16. Bh3 Re8 17. e5 f5 18. Nf2 Bb7 19. g4 g6 20. Nh1 Nf8 21. Ng3 Bh4 22. Nf3
Nc6 23. Rf2 Rc7 24. g5 Bxg3 25. hxg3 Rf7 26. Bc1 Qd7 27. Bd2 Ne7 28. Ne1 Qc6
29. Bg2 Qd7 30. Nf3 Nc6 31. Rff1 Rb8 32. Rfb1 a5 33. a3 Ra8 34. Ne1 Re7 35. Nc2
Ree8 36. Bf3 Ne7 37. b4 axb4 38. axb4 Bxf3 39. Qxf3 Qc6 40. Kf2 Nd7 41. bxc5
bxc5 42. Qxc6 Nxc6 43. Rb7 Rxa1 44. Nxa1 Re7 45. Nb3 Ndxe5 46. Rxe7 Ng4+ 47.
Ke2 Nxe7 48. Nxc5 Kf7 49. Bc1 Nc6 50. Nb3 e5 51. fxe5 Ke6 52. Nc5+ Ke7 53. e6
Nge5 54. Ba3 Ng4 55. Bc1 Nge5 56. Bb2 Ng4 57. Nb3 Kxe6 58. Nxd4+ Nxd4+ 59. Bxd4
h6 60. gxh6 Nxh6 61. Kf3 Nf7 62. Bg7 Kd6 63. Ke3 Nd8 64. Bf8+ Kc6 65. d4 Kd7
66. d5 g5 67. Bb4 Nf7 68. Kd4 f4 69. gxf4 gxf4 70. c5 f3 71. Be1 Nh6 72. c6+
Kc8 73. Ke5 f2 74. Bxf2 Ng4+ 75. Ke6 Nxf2 76. d6 Ne4 77. d7+ Kd8 78. c7+ Kxc7
79. Ke7 Nc5 80. d8=Q+ Kc6 81. Qc8+ Kd5 82. Qa8+ Kc4 83. Kd6 Nd3 84. Qc6+ Kd4
85. Qb6+ Ke4 86. Ke6 Nf4+ 87. Kd6 Nd3 88. Qg1 Nf4 89. Qg4 Ke3 90. Qf5 Nd3 91.
Kd5 Nf4+ 92. Kc4 Ne2 93. Qd3+ Kf2 94. Kc5 Nf4 95. Qb3 Ne2 96. Kd6 Nf4 97. Ke5
Ne2 98. Ke4 Ng3+ 99. Kf4 Ne2+ 100. Kg4 Ke1 101. Qe3 Kd1 102. Kf3 Nc1 103. Qc3
1-0

[Event "4NCL/Div4/ATH1 vs. JUTK"]
[Site "West Bromwich ENG"]
[Date "2006.12.03"]
[Round "4.5"]
[White "Gruettner, Ralf"]
[Black "Robertson, Mark"]
[Result "0-1"]
[WhiteElo "2067"]
[BlackElo "2105"]
[PlyCount "108"]
[EventDate "2006.12.03"]
[EventType "team"]
[EventRounds "11"]
[EventCountry "ENG"]
[WhiteTeam "Athenaeum 1"]
[BlackTeam "Jutes of Kent"]

1. d4 Nf6 2. c4 g6 3. Nc3 Bg7 4. e4 d6 5. Nf3 O-O 6. Be2 e5 7. O-O Nc6 8. d5
Ne7 9. Ne1 Nd7 10. Be3 f5 11. f3 f4 12. Bf2 g5 13. Nd3 Nf6 14. c5 Ng6 15. cxd6
cxd6 16. Rc1 Rf7 17. Nb5 g4 18. fxg4 Nxe4 19. Bxa7 Bd7 20. Nf2 Bxb5 21. Bxb5
Ng5 22. Qa4 e4 23. Bb6 Qf8 24. Qb3 Be5 25. a4 Qh6 26. Qc2 f3 27. g3 Nh3+ 28.
Nxh3 Qxh3 29. Qf2 Qxg4 30. Kh1 Raf8 31. Rfe1 Rf5 32. Rc4 Rh5 33. Rcxe4 Qxg3 34.
Rxe5 Qxf2 35. Bxf2 Rxe5 36. Rg1 Ref5 37. Bd7 Rf4 38. Be6+ Kg7 39. a5 Kf6 40.
Rf1 Ne5 41. Bg3 Rb4 42. Rg1 Re8 43. Be1 Re4 44. Bc3 Re7 45. Rf1 Re3 46. h3 Rxe6
47. dxe6 Kxe6 48. Bxe5 dxe5 49. Kh2 e4 50. Kg3 Ke5 51. Rf2 Re1 52. b4 Rg1+ 53.
Kh2 Rb1 54. Ra2 e3 0-1

[Event "4NCL/Div4/ATH1 vs. JUTK"]
[Site "West Bromwich ENG"]
[Date "2006.12.03"]
[Round "4.6"]
[White "Donovan, Nigel"]
[Black "McAleenan, Charles"]
[Result "1-0"]
[WhiteElo "2119"]
[BlackElo "1985"]
[PlyCount "85"]
[EventDate "2006.12.03"]
[EventType "team"]
[EventRounds "11"]
[EventCountry "ENG"]
[WhiteTeam "Jutes of Kent"]
[BlackTeam "Athenaeum 1"]

1. e4 Nc6 2. Nf3 d6 3. d4 Nf6 4. Nc3 Bg4 5. Be2 e5 6. Be3 Be7 7. d5 Nb8 8. Nd2
Bxe2 9. Qxe2 O-O 10. g4 Nfd7 11. O-O-O a5 12. Rdg1 c6 13. g5 Na6 14. h4 Re8 15.
h5 Bf8 16. g6 fxg6 17. hxg6 h6 18. Bxh6 gxh6 19. g7 Bxg7 20. Qg4 Qe7 21. Rxh6
Nf6 22. Qh4 Rf8 23. Rhg6 Rf7 24. Rh1 Kf8 25. Nf3 Ng8 26. Ng5 Bf6 27. Rxf6 Qxf6
28. Nh7+ Ke7 29. Nxf6 Nxf6 30. Qg3 Rg8 31. Qe3 c5 32. f3 Rfg7 33. b3 Nb4 34. a3
Na6 35. Kb2 Rg2 36. Rh6 Ra8 37. Rh4 Rb8 38. Qh6 b5 39. Rh2 Rgg8 40. Qh3 Nc7 41.
Rg2 a4 42. Rxg8 Nxg8 43. Qh7+ 1-0

[Event "4NCL/Div4/SCS1 vs. NOTT2"]
[Site "West Bromwich ENG"]
[Date "2006.12.03"]
[Round "4.1"]
[White "Lutton, J Arnold"]
[Black "Wright, Antony J"]
[Result "0-1"]
[WhiteElo "1901"]
[BlackElo "2020"]
[PlyCount "78"]
[EventDate "2006.12.03"]
[EventType "team"]
[EventRounds "11"]
[EventCountry "ENG"]
[WhiteTeam "S C Stars 1"]
[BlackTeam "Notts 2"]

1. e4 e6 2. d4 d5 3. e5 c5 4. Nf3 cxd4 5. Bd3 Nc6 6. O-O Nge7 7. Bf4 Qb6 8.
Nbd2 Qxb2 9. Nb3 Qa3 10. Qe2 Ng6 11. Bg3 Be7 12. Rfb1 a6 13. Nbxd4 Qc3 14. Nb3
Ba3 15. Ng5 Bb2 16. Qh5 Bxa1 17. f4 Nce7 18. Rxa1 Bd7 19. Be1 Qc7 20. g3 Bb5
21. Bb4 Bxd3 22. cxd3 b6 23. Rc1 Qd7 24. Bd6 Rc8 25. Qd1 O-O 26. Nd4 Rxc1 27.
Qxc1 Rc8 28. Qb2 h6 29. Ngf3 Nf5 30. Nxf5 exf5 31. Nd4 Qa4 32. Nb3 Qc6 33. Nd4
Qc1+ 34. Qxc1 Rxc1+ 35. Kf2 Ra1 36. a3 Ra2+ 37. Ne2 Nf8 38. Ke3 Ne6 39. Nc3 d4+
0-1

[Event "4NCL/Div4/SCS1 vs. NOTT2"]
[Site "West Bromwich ENG"]
[Date "2006.12.03"]
[Round "4.2"]
[White "Thompson, Brian"]
[Black "Scarry, Herbert"]
[Result "1-0"]
[WhiteElo "2000"]
[BlackElo "1812"]
[PlyCount "57"]
[EventDate "2006.12.03"]
[EventType "team"]
[EventRounds "11"]
[EventCountry "ENG"]
[WhiteTeam "Notts 2"]
[BlackTeam "S C Stars 1"]

1. d4 d5 2. Nf3 Nf6 3. e3 g6 4. Bd3 Bg7 5. Nbd2 Nbd7 6. b3 O-O 7. Bb2 b6 8. Qe2
Bb7 9. O-O c5 10. Ne5 Rc8 11. f4 Ne4 12. Nxe4 dxe4 13. Bc4 e6 14. Rad1 Nxe5 15.
dxe5 Qc7 16. Rd6 Rfd8 17. Rfd1 Bf8 18. Qd2 Be7 19. Qc3 Kf8 20. g4 a6 21. f5 b5
22. fxe6 bxc4 23. Rf1 f6 24. Rxd8+ Rxd8 25. exf6 Bd6 26. e7+ Bxe7 27. fxe7+
Kxe7 28. Qg7+ Kd6 29. Rf6+ 1-0

[Event "4NCL/Div4/SCS1 vs. NOTT2"]
[Site "West Bromwich ENG"]
[Date "2006.12.03"]
[Round "4.3"]
[White "Lowry-O'Reilly, Hannah"]
[Black "Kingston, Ian"]
[Result "0-1"]
[WhiteElo "1830"]
[BlackElo "1965"]
[PlyCount "94"]
[EventDate "2006.12.03"]
[EventType "team"]
[EventRounds "11"]
[EventCountry "ENG"]
[WhiteTeam "S C Stars 1"]
[BlackTeam "Notts 2"]

1. d4 d5 2. Nf3 f5 3. Bf4 Nf6 4. h3 e6 5. e3 Bd6 6. Bxd6 Qxd6 7. Ne5 Qb4+ 8.
Nd2 Qxb2 9. Qb1 Qxb1+ 10. Rxb1 b6 11. Bb5+ Bd7 12. Nxd7 Nfxd7 13. Nf3 Ke7 14.
Ke2 c6 15. Bd3 Nf6 16. Ne5 Rc8 17. Rhc1 Nbd7 18. Ba6 Rc7 19. Nxd7 Nxd7 20. Bd3
c5 21. c3 Nf6 22. f3 Rac8 23. Kd2 cxd4 24. cxd4 Rxc1 25. Rxc1 Rxc1 26. Kxc1 h6
27. Kd2 Ne8 28. Kc3 Nd6 29. a4 Kd7 30. Ba6 Ne8 31. Kd2 Nc7 32. Bd3 a6 33. Kc3
Kc6 34. Kb4 a5+ 35. Kb3 b5 36. axb5+ Nxb5 37. Ka4 Nc3+ 38. Kxa5 Nd1 39. e4 Nf2
40. Bb5+ Kd6 41. e5+ Kc7 42. g4 Nxh3 43. gxf5 exf5 44. Kb4 Nf4 45. Kc3 h5 46.
Kd2 h4 47. Ke1 h3 0-1

[Event "4NCL/Div4/SCS1 vs. NOTT2"]
[Site "West Bromwich ENG"]
[Date "2006.12.03"]
[Round "4.4"]
[White "Graham, Neil"]
[Black "Clarke, Sean A"]
[Result "1-0"]
[WhiteElo "1915"]
[BlackElo "1800"]
[PlyCount "95"]
[EventDate "2006.12.03"]
[EventType "team"]
[EventRounds "11"]
[EventCountry "ENG"]
[WhiteTeam "Notts 2"]
[BlackTeam "S C Stars 1"]

1. d4 c5 2. d5 Nf6 3. Bg5 Qb6 4. Nc3 Qxb2 5. Bd2 Qb6 6. e4 d6 7. f4 Bg4 8. Nf3
Nbd7 9. Rb1 Qc7 10. h3 Bxf3 11. Qxf3 a6 12. g4 g6 13. Bg2 Bg7 14. e5 dxe5 15.
d6 Qxd6 16. Rxb7 Rb8 17. g5 e4 18. Rxb8+ Qxb8 19. Nxe4 Nxe4 20. Qxe4 O-O 21.
O-O Qd6 22. Be3 Rb8 23. Bf3 Bd4 24. Rd1 Rb4 25. Kg2 Nb6 26. c3 Rb2+ 27. Kh1 Na4
28. Bxd4 cxd4 29. Rxd4 Nxc3 30. Rxd6 exd6 31. Qa8+ Kg7 32. Qxa6 Rxa2 33. Qxd6
Ra1+ 34. Kh2 Ra2+ 35. Kg3 Ne2+ 36. Bxe2 Rxe2 37. Qd3 Ra2 38. Qc3+ Kg8 39. Kf3
Ra8 40. h4 Rd8 41. Kg4 Rd1 42. Qg3 Rf1 43. Qg2 Ra1 44. h5 Ra6 45. h6 f5+ 46.
gxf6 Rxf6 47. Qd5+ Rf7 48. Kg5 1-0

[Event "4NCL/Div4/SCS1 vs. NOTT2"]
[Site "West Bromwich ENG"]
[Date "2006.12.03"]
[Round "4.5"]
[White "Plechaty, George"]
[Black "Hill, Maurice J"]
[Result "0-1"]
[WhiteElo "1665"]
[BlackElo "1910"]
[PlyCount "126"]
[EventDate "2006.12.03"]
[EventType "team"]
[EventRounds "11"]
[EventCountry "ENG"]
[WhiteTeam "S C Stars 1"]
[BlackTeam "Notts 2"]

1. e4 c5 2. Nf3 a6 3. Nc3 e6 4. d3 Nc6 5. Be3 Be7 6. Be2 Nf6 7. O-O d5 8. exd5
Nxd5 9. Nxd5 Qxd5 10. c3 e5 11. Re1 O-O 12. c4 Qd6 13. Nd2 f5 14. Nb3 b6 15. a3
Bb7 16. Bf1 Rad8 17. Nc1 f4 18. Bd2 Qg6 19. Bc3 Bd6 20. Re4 Rf5 21. Qf3 Nd4 22.
Bxd4 exd4 23. b3 Re5 24. Ra2 Bxe4 25. dxe4 Qxe4 26. Qxe4 Rxe4 27. f3 Re3 28.
Kf2 Kf7 29. Bd3 h5 30. Rb2 a5 31. a4 Rde8 32. Be4 R8xe4 33. fxe4 Rxe4 34. Re2
Re3 35. h3 g5 36. Rxe3 fxe3+ 37. Ke2 Kf6 38. Nd3 Kf5 39. Kf3 g4+ 40. hxg4+
hxg4+ 41. Ke2 Ke4 42. Nc1 Bg3 43. Nd3 Bf2 44. Nc1 Bh4 45. Nd3 Bg3 46. Nc1 Bc7
47. Nd3 Bd6 48. Nc1 d3+ 49. Nxd3 Kd4 50. Nc1 Kc3 51. Kxe3 Kc2 52. Ne2 Kxb3 53.
Kd3 Be5 54. Nc1+ Kxa4 55. Ke4 Bd4 56. Kf4 Kb4 57. Kxg4 Kxc4 58. Kf4 b5 59. g4
b4 60. g5 a4 61. g6 Bg7 62. Ke4 b3 63. Ke3 b2 0-1

[Event "4NCL/Div4/SCS1 vs. NOTT2"]
[Site "West Bromwich ENG"]
[Date "2006.12.03"]
[Round "4.6"]
[White "Lakhani, Anjali"]
[Black "Lowry-O'Reilly, Johannah"]
[Result "1-0"]
[WhiteElo "1830"]
[BlackElo "1410"]
[PlyCount "125"]
[EventDate "2006.12.03"]
[EventType "team"]
[EventRounds "11"]
[EventCountry "ENG"]
[WhiteTeam "Notts 2"]
[BlackTeam "S C Stars 1"]

1. e4 e5 2. Nf3 Nc6 3. d4 d6 4. dxe5 dxe5 5. Qxd8+ Nxd8 6. Nxe5 Bd6 7. Nf3 Bg4
8. Be2 f6 9. Nc3 a6 10. h3 Bxf3 11. Bxf3 Nc6 12. Be3 Nge7 13. O-O O-O-O 14. a3
Be5 15. Bg4+ Kb8 16. f4 h5 17. Be2 Bxc3 18. bxc3 f5 19. Rab1 Kc8 20. Bf3 g6 21.
Bc5 Rhe8 22. exf5 Nxf5 23. Bxc6 bxc6 24. Ba7 Kd7 25. Rb7 Re2 26. Bb6 Ke8 27.
Rxc7 Rdd2 28. Rc8+ Kd7 29. Rd8+ Ke6 30. Rxd2 Rxd2 31. Rf2 Rd1+ 32. Rf1 Rd2 33.
Rf2 Rd1+ 34. Kh2 Nd6 35. Re2+ Kf5 36. Re5+ Kxf4 37. Rc5 g5 38. Bc7 h4 39. Rxc6
Ke5 40. Rxa6 Ke6 41. Rxd6+ Rxd6 42. Bxd6 Kxd6 43. g3 Kc5 44. gxh4 gxh4 45. Kg2
Kc4 46. Kf3 Kxc3 47. Kg4 Kxc2 48. a4 Kb3 49. a5 Ka4 50. a6 Ka5 51. a7 Ka6 52.
a8=Q+ Kb6 53. Qc8 Kb5 54. Qc7 Ka6 55. Qb8 Ka5 56. Qb7 Ka4 57. Qb6 Ka3 58. Qb5
Ka2 59. Qb4 Ka1 60. Kf3 Ka2 61. Ke3 Ka1 62. Kd2 Ka2 63. Kc2 1-0

[Event "4NCL/Div4/GREN vs. SUTC"]
[Site "West Bromwich ENG"]
[Date "2006.12.03"]
[Round "4.1"]
[White "Pugh, Derek C"]
[Black "Ortega, Irvin"]
[Result "0-1"]
[WhiteElo "2155"]
[BlackElo "2180"]
[PlyCount "86"]
[EventDate "2006.12.03"]
[EventType "team"]
[EventRounds "11"]
[EventCountry "ENG"]
[WhiteTeam "Grendels Mother"]
[BlackTeam "Sutton Coldfield"]

1. e4 d6 2. Nc3 Nf6 3. g3 c5 4. Bg2 Nc6 5. d3 g6 6. f4 Bg7 7. Nf3 O-O 8. O-O
Rb8 9. h3 b5 10. Ne2 c4 11. Be3 cxd3 12. cxd3 Bb7 13. Qd2 Nd7 14. d4 Na5 15.
Qc2 Rc8 16. Qb1 Nc4 17. Bf2 Nf6 18. d5 e6 19. Bxa7 exd5 20. exd5 Nxd5 21. Bd4
Re8 22. Rf2 Nde3 23. Bxg7 Nxg2 24. Qd3 Kxg7 25. Kxg2 Qf6 26. Qd4 Ne3+ 27. Kg1
Nc2 28. Qxf6+ Kxf6 29. Raf1 Bxf3 30. Nc3 Rxc3 31. bxc3 Be4 32. Re2 d5 33. Rb1
Na3 34. Rb3 Ra8 35. Kf2 Ke6 36. g4 Kd6 37. Kg3 Kc5 38. f5 gxf5 39. g5 Nc4 40.
Kf4 Re8 41. h4 Ne5 42. Kg3 Nd3 43. Ra3 f4+ 0-1

[Event "4NCL/Div4/GREN vs. SUTC"]
[Site "West Bromwich ENG"]
[Date "2006.12.03"]
[Round "4.2"]
[White "Escott, Keith"]
[Black "Osborne, David C"]
[Result "1-0"]
[WhiteElo "2065"]
[BlackElo "2135"]
[PlyCount "47"]
[EventDate "2006.12.03"]
[EventType "team"]
[EventRounds "11"]
[EventCountry "ENG"]
[WhiteTeam "Sutton Coldfield"]
[BlackTeam "Grendels Mother"]

1. e4 c5 2. Nf3 e6 3. d4 cxd4 4. Nxd4 a6 5. c4 Nf6 6. Nc3 d6 7. Be2 Qc7 8. O-O
b6 9. f4 Bb7 10. Bf3 Nbd7 11. Qe2 Rc8 12. b3 b5 13. Nd5 exd5 14. exd5+ Kd8 15.
Nc6+ Bxc6 16. dxc6 Nc5 17. cxb5 axb5 18. Qxb5 Be7 19. Be3 Rb8 20. Qc4 Rf8 21.
b4 Na4 22. b5 Nb6 23. Qd3 Ra8 24. Qd4 1-0

[Event "4NCL/Div4/GREN vs. SUTC"]
[Site "West Bromwich ENG"]
[Date "2006.12.03"]
[Round "4.3"]
[White "Bass, John W"]
[Black "Soszynski, Marek"]
[Result "1/2-1/2"]
[WhiteElo "2095"]
[BlackElo "1900"]
[PlyCount "36"]
[EventDate "2006.12.03"]
[EventType "team"]
[EventRounds "11"]
[EventCountry "ENG"]
[WhiteTeam "Grendels Mother"]
[BlackTeam "Sutton Coldfield"]

1. d4 Nf6 2. Nf3 e6 3. c4 b6 4. Bf4 Bb7 5. e3 Bb4+ 6. Nfd2 d5 7. a3 Bd6 8. Bxd6
Qxd6 9. Nc3 c6 10. Bd3 e5 11. dxe5 Qxe5 12. Nf3 Qh5 13. cxd5 Nxd5 14. Ne4 O-O
15. Qc2 Ba6 16. Bxa6 Nxa6 17. Ng3 Qg6 18. Qc4 Nc5 1/2-1/2

[Event "4NCL/Div4/GREN vs. SUTC"]
[Site "West Bromwich ENG"]
[Date "2006.12.03"]
[Round "4.4"]
[White "Kent, Arthur F"]
[Black "Hardy, Roger"]
[Result "1/2-1/2"]
[WhiteElo "1880"]
[BlackElo "2033"]
[PlyCount "46"]
[EventDate "2006.12.03"]
[EventType "team"]
[EventRounds "11"]
[EventCountry "ENG"]
[WhiteTeam "Sutton Coldfield"]
[BlackTeam "Grendels Mother"]

1. e4 c6 2. d4 d5 3. Nc3 dxe4 4. Nxe4 Bf5 5. Ng3 Bg6 6. h4 h6 7. h5 Bh7 8. Nf3
Nd7 9. Bd3 Bxd3 10. Qxd3 Ngf6 11. Bd2 e6 12. Qe2 Qc7 13. O-O-O O-O-O 14. Ne5
Nxe5 15. dxe5 Nd5 16. f4 Be7 17. Ne4 Rhe8 18. Qf2 Qb6 19. Qxb6 Nxb6 20. Be3 Nd5
21. Bd2 c5 22. Nc3 Nxc3 23. Bxc3 Kc7 1/2-1/2